Plantel Sporting 24/25 fev2025 - Statistics

Estatísticas Gerais
  • Esse quiz foi jogado 38 vezes
  • A pontuação média é 21 de 25
Estatísticas das Respostas
Hint Resposta % Correto
8 Pedro Gonçalves
100%
25 Gonçalo Inacio
97%
5 Hidemasa Morita
97%
24 Rui Silva
97%
9 Viktor Gyokeres
97%
72 Eduardo Quaresma
93%
17 Francisco Trincão
93%
57 Geovany Quenda
93%
19 Conrad Harder
90%
1 Franco Israel
90%
52 Joao Simoes
90%
2 Matheus Reis
90%
20 Maxi Araujo
90%
42 Morten Hjulmand
90%
11 Nuno Santos
90%
26 Ousmane Diomande
90%
47 Ricardo Esgaio
90%
23 Daniel Bragança
83%
21 Geny Catamo
83%
22 Ivan Fresneda
83%
3 St. Juste
83%
6 Zeno Debast
72%
30 Biel Teixeira
59%
41 Diego Callai
55%
78 Mauro Couto
24%
Nenhum quiz correspondente encontrado
Distribuição das Pontuações
Porcentagem de Pessoas com Cada Pontuação
Percentil de Números Respondidos
Sua Pontuação Histórica
Você não jogou esse quiz